| 000 | 00739nam a2200193 a 4500 | ||
|---|---|---|---|
| 001 | 000043376 | ||
| 005 | 20201002040847.0 | ||
| 008 | 140312s1983 dr a 000 0 spa d | ||
| 040 |
_aDO-SdBNP _bspa _cBNPHU |
||
| 082 |
_axxxx _bJ61u, |
||
| 100 | 1 |
_aJiménez S., M. Arturo _950041 |
|
| 245 | 1 | 4 |
_aUna guía de redación para la comunicación popular / _cM. Arturo Jiménez S., Agustín Navarro P. |
| 260 |
_aSanto Domingo : _bCEDEE, _c1983. |
||
| 300 |
_a92, [93] p. : _bil. ; _c21 cm. |
||
| 500 | _aIncluye datos biográficos de los autores en la solapa de la contracubierta | ||
| 504 | _aBibliografía: p. 91- [93] p. : | ||
| 700 | 1 | 2 |
_aNavarro P., Agustín _950042 |
| 710 | 2 | 2 |
_aCentro Dominicano de Estudios de la Educación (CEDEE) _950043 |
| 999 |
_c42865 _d42865 |
||